000 00727nam a2200217 a 4500
001 000022897
005 20200930021850.0
008 101122s1976 mx a r 001 0 spa d
040 _aDO-SdBNP
_bspa
_cBNPHU
041 1 7 _aspa
_heng
_2Código de idiomas MARC
082 _annnn
_bB877s
100 1 _aBrown, Lester R.,
_d1934-
_947060
240 1 3 _aBy bread alone.
_lEspañol.
245 1 0 _aSólo de pan /
_cLester R. Brown ; traducción de Ana Mendizabal.
260 _aMéxico :
_bDiana,
_c1976.
300 _a351 p. :
_bil. ;
_c22 cm.
500 _aIncluye índice.
504 _aIncluye referencias bibliográficas y notas al pie de las páginas.
534 _pTítulo original en inglés:
_tBy bread alone.
049 _aBNGR
999 _c22394
_d22394